Propuesta de diseño para la implementación de una red Ethernet Industrial en planta de cervecería para sistemas de medición energía y visualización de procesos de las áreas de producción, mes

Presenta una propuesta de Diseño para la implementación de una Red Ethernet Industrial la cual consiste en la incorporación de equipos de comunicación industrial que mejoren la interconexión del Sistema de Medición de Energía y permitan establecer un Sistema MES que abarque todas las áreas d...

Full description

Bibliographic Details
Main Author: Siles Ramírez, Cósmar Eduardo
Other Authors: Tutor: Aguirre Sotelo, Leonardo
Format: Tesis Section = Libro
Language:Undetermined
Spanish
Published: Managua UNI 2017
Subjects:
LEADER 01327nam a2200265Ia 4500
008 240830s9999 xx 000 0 und d
040 |a BIBLIOTECA-RUSB/ Mon 621.37 S582 
041 |a spa 
082 |a Mon 621.37 S582 
100 1 |a Siles Ramírez, Cósmar Eduardo 
245 1 0 |a Propuesta de diseño para la implementación de una red Ethernet Industrial en planta de cervecería para sistemas de medición energía y visualización de procesos de las áreas de producción, mes 
260 |a Managua  |b UNI  |c 2017 
300 |a 107 p. :il. 
500 |a Contiene: anexos e Incluye: CD. 
502 |a Tesis (Ingeniero Electrónico) - UNI, 2017. 
520 3 |a Presenta una propuesta de Diseño para la implementación de una Red Ethernet Industrial la cual consiste en la incorporación de equipos de comunicación industrial que mejoren la interconexión del Sistema de Medición de Energía y permitan establecer un Sistema MES que abarque todas las áreas de producción de Planta de Cervecería. 
650 7 |a REDES ETHERNET INDUSTRIAL 
650 7 |b  REDES DE MEDICION DE ENERGIA-SISTEMA MES 
650 7 |c  AUTOMATIZACION DE LA INFORMACION 
650 7 |d  BASES DE DATOS 
650 7 |e  CONSUMO DE ENERGIA 
700 1 |a Tutor:  |b Aguirre Sotelo, Leonardo 
942 |c BK  |2 ddc 
991 |a TESIS 
999 |c 20224